Sounion revisited : the santuaries of Poseidon and Athena at Sounion in Attica /
This work is the first to be published from a wider research project, still in progress, about the sanctuaries of Poseidon and Athena on the promontory of Sounion (southeast Attica). The aim of this volume is to present, for the first time, a comprehensive examination and interpretation of a wide se...
المؤلف الرئيسي:
التنسيق: كتاب الكتروني
اللغة: English
منشور في:
Oxford :
Archaeopress Publishing Ltd,
[2015]
سلاسل:
Archaeopress archaeology.
الموضوعات:
الوصول للمادة أونلاين: Login to view Source
الوسوم: إضافة وسم
رقم الطلب: DF261.S68
| LEADER | 01996nam a2200421 i 4500 | ||
|---|---|---|---|
| 001 | EDZ0001355519 | ||
| 003 | StDuBDS | ||
| 005 | 20230412181557.0 | ||
| 006 | m|||||o||d|||||||| | ||
| 007 | cr ||||||||||| | ||
| 008 | 160315t20152015enka fob 000|0|eng|d | ||
| 020 | |a 9781784911553 (PDF ebook) : |c £55.00 | ||
| 040 | |a StDuBDS |b eng |c StDuBDS |e rda |e pn | ||
| 050 | 4 | |a DF261.S68 | |
| 082 | 0 | 4 | |a 938 |2 23 |
| 100 | 1 | |a Theodoropoulou-Polychroniadis, Zetta, |e author. | |
| 245 | 1 | 0 | |a Sounion revisited : |b the santuaries of Poseidon and Athena at Sounion in Attica / |c Zetta Theodoropoulou-Polychroniadis. |
| 264 | 1 | |a Oxford : |b Archaeopress Publishing Ltd, |c [2015] | |
| 264 | 4 | |c ©2015 | |
| 300 | |a 1 online resource : |b illustrations (black and white, and colour). | ||
| 336 | |a text |2 rdacontent | ||
| 336 | |a still image |2 rdacontent | ||
| 337 | |a computer |2 rdamedia | ||
| 338 | |a online resource |2 rdacarrier | ||
| 490 | 1 | |a Archaeopress archaeology | |
| 504 | |a Includes bibliographical references. | ||
| 520 | 8 | |a This work is the first to be published from a wider research project, still in progress, about the sanctuaries of Poseidon and Athena on the promontory of Sounion (southeast Attica). The aim of this volume is to present, for the first time, a comprehensive examination and interpretation of a wide selection of unpublished small finds. | |
| 521 | |a Specialized. | ||
| 588 | |a Description based on online resource; title from home page (viewed on March 15, 2016). | ||
| 651 | 0 | |a Soúnio Cape (Greece) |x Antiquities. | |
| 650 | 0 | |a Excavations (Archaeology) |z Greece |z Soúnio Cape. | |
| 650 | 0 | |a Temples |z Greece |z Soúnio Cape |x History. | |
| 776 | 0 | 8 | |i Print version : |z 9781784911546 |
| 830 | 0 | |a Archaeopress archaeology. | |
| 856 | 4 | 0 | |3 Archaeopress |u http://library.arce.org:8087/Archaeopress/Products/9781784911546 |
| 942 | |2 lcc |c EBOOK | ||
| 952 | |0 0 |1 0 |4 0 |6 DF0261 S68 |7 1 |9 46074 |a ARCH |b ARCH |d 2023-04-12 |l 0 |o DF261.S68 |r 2023-04-12 00:00:00 |w 2023-04-12 |y EBOOK | ||
| 999 | |c 51732 |d 51732 | ||
